| 000 | 00831nam a2200265 a 4500 | ||
|---|---|---|---|
| 001 | 68613 | ||
| 003 | BD-RjUL | ||
| 005 | 20211209081806.0 | ||
| 008 | 170404s1956 it ab 000 0 eng d | ||
| 035 | _a(BD-RjUL)68823 | ||
| 038 | _aUkLCURL | ||
| 040 |
_aAZN _cAZN _dOCL/m.c/EUX _dUkOxU _dBD-RjUL _beng |
||
| 041 | _aeng | ||
| 082 |
_223 _a634.95 _bLET 1956 |
||
| 100 |
_aLeloup, Marcel _9203369 |
||
| 245 | 1 | 0 |
_aTree planting practices in temperate Asia : _bJapan / _cMarcel Leloup. |
| 260 |
_aRome : _bFAO, _c1956. |
||
| 300 |
_a156 p. : _bill. ; _c23 cm. |
||
| 490 |
_aForestry development paper, _vno.10 |
||
| 504 | _aIncludes bibliographical references. | ||
| 650 | 0 |
_aTree planting _zJapan. _9203370 |
|
| 650 | 0 |
_aTree planting _zAsia. _9203371 |
|
| 830 | 0 |
_aFAO forestry development paper ; _vno.10 _9203372 |
|
| 942 |
_2ddc _cBK |
||
| 999 |
_c68613 _d68613 |
||